[Event "1. Bundesliga 2016/2017"]
[Site "Mattersburg"]
[Date "2016.10.21"]
[Round "2"]
[Board "3"]
[White "Hirneise, Tobias"]
[Black "Volokitin, Andrei"]
[Result "1/2-1/2"]
[WhiteElo "2466"]
[BlackElo "2652"]
[PlyCount "68"]
[EventDate "2016.10.20"]
[EventType "team"]
[EventRounds "11"]
[EventCountry "AUT"]
[WhiteTeam "Schachclub Sparkasse Goetzis"]
[BlackTeam "Schachklub Sparkasse Jenbach"]

1.d4 Nf6 2.c4 e6 3.Nf3 d5 4.Nc3 c5 5.cxd5 Nxd5 6.e4 Nxc3 7.bxc3 cxd4 8.cxd4 Bb4+ 9.Bd2
Bxd2+ 10.Qxd2 O-O 11.Rc1 b6 12.Bd3 Bb7 13.O-O Nd7 14.Qf4 Rc8 15.Rxc8 Qxc8 16.Rc1 Qa8
17.Rc7 Qb8 18.Qd6 Nf6 19.Qe7 Bxe4 20.Bxe4 Nxe4 21.Ne5 Qd8 22.Nc6 Qxe7 23.Nxe7+ Kh8
24.Nc8 Nf6 25.Nd6 Nd5 26.Rxa7 f6 27.g3 h5 28.Rd7 Kh7 29.Nf5 exf5 30.Rxd5 Kg6 31.Rb5
Ra8 32.Rxb6 Rxa2 33.Rb7 Rd2 34.Rd7 f4 1/2-1/2

[Event "1. Bundesliga 2016/2017"]
[Site "Mattersburg"]
[Date "2016.10.21"]
[Round "2"]
[Board "5"]
[White "Matt, Fabian"]
[Black "Shengelia, David"]
[Result "0-1"]
[WhiteElo "2259"]
[BlackElo "2570"]
[PlyCount "62"]
[EventDate "2016.10.20"]
[EventType "team"]
[EventRounds "11"]
[EventCountry "AUT"]
[WhiteTeam "Schachclub Sparkasse Goetzis"]
[BlackTeam "Schachklub Sparkasse Jenbach"]

1.e4 c5 2.Nf3 e6 3.d3 Nc6 4.g3 g6 5.Bg2 Bg7 6.O-O Nge7 7.Re1 O-O 8.Nbd2 d5 9.e5 Qc7
10.Qe2 g5 11.Nb3 g4 12.Nh4 Qxe5 13.Qd1 Qd6 14.Qxg4 e5 15.Qe2 Ng6 16.Nf3 Bg4 17.h3
Bd7 18.c4 f5 19.Ng5 Nce7 20.cxd5 Nxd5 21.Be3 b6 22.Rad1 Bc6 23.Ne4 Qc7 24.Ng5 Qd6
25.Ne4 Qd7 26.Bxc5 bxc5 27.Nexc5 Qd6 28.Ne4 Qe7 29.Na5 Ba4 30.b3 Bd7 31.Ng5 Ndf4 0-1

[Event "1. Bundesliga 2016/2017"]
[Site "Mattersburg"]
[Date "2016.10.21"]
[Round "2"]
[Board "6"]
[White "Boensch, Uwe"]
[Black "Mittelberger, Peter"]
[Result "1-0"]
[WhiteElo "2558"]
[BlackElo "2180"]
[PlyCount "137"]
[EventDate "2016.10.20"]
[EventType "team"]
[EventRounds "11"]
[EventCountry "AUT"]
[WhiteTeam "Schachklub Sparkasse Jenbach"]
[BlackTeam "Schachclub Sparkasse Goetzis"]

1.d4 g6 2.e4 d6 3.Be3 Bg7 4.Qd2 a6 5.c4 Nc6 6.Ne2 e5 7.Nbc3 f5 8.exf5 Bxf5 9.d5 Nb4
10.Ne4 Bxe4 11.Qxb4 b6 12.Ng3 Bf5 13.Nxf5 gxf5 14.Qa4+ Qd7 15.Qxd7+ Kxd7 16.g3 Ne7
17.Bh3 Raf8 18.O-O-O Ng6 19.Kc2 a5 20.f3 h5 21.f4 Bh6 22.Rdf1 h4 23.Bd2 hxg3 24.hxg3
exf4 25.gxf4 Ne7 26.Rf3 Bg7 27.Re1 Bf6 28.Re6 Rh5 29.Rg3 Rf7 30.Ree3 Bd4 31.Ref3 Bf6
32.Bf1 Rg7 33.Rxg7 Bxg7 34.Rg3 Bf6 35.Rg2 Rh4 36.Bd3 Ke8 37.Bc1 Kf7 38.Re2 Ng6 39.Bxf5
Nxf4 40.Rf2 Be5 41.Kb3 Kf6 42.Be4 Kg7 43.Ka4 Nh5 44.Bd3 Bf4 45.Bxf4 Nxf4 46.Be4 Ng6
47.Re2 Ne5 48.Kb5 Kf6 49.b3 Rg4 50.Rf2+ Ke7 51.Bf5 Rg7 52.Be6 Nd3 53.Rh2 Nf4 54.Kc6
a4 55.Kxc7 axb3 56.axb3 Nxe6+ 57.dxe6 Rg3 58.Rb2 Rc3 59.Kxb6 Kxe6 60.Kb5 d5 61.cxd5+
Kxd5 62.Rd2+ Ke6 63.b4 Rc8 64.Ka6 Ra8+ 65.Kb7 Ra1 66.b5 Ke7 67.b6 Rc1 68.Ra2 Rd1 69.Ka7 1-0

[Event "1. Bundesliga 2016/2017"]
[Site "Mattersburg"]
[Date "2016.10.21"]
[Round "2"]
[Board "1"]
[White "Ragger, Markus"]
[Black "Zilka, Stepan"]
[Result "1/2-1/2"]
[WhiteElo "2677"]
[BlackElo "2523"]
[PlyCount "138"]
[EventDate "2016.10.20"]
[EventType "team"]
[EventRounds "11"]
[EventCountry "AUT"]
[WhiteTeam "SC MPOE Maria Saal"]
[BlackTeam "Blackburne Nickelsdorf"]

1.Nf3 c5 2.c4 Nc6 3.d4 cxd4 4.Nxd4 Nf6 5.Nc3 e6 6.Bf4 d6 7.Ndb5 e5 8.Bg5 a6 9.Na3
Be7 10.g3 Qb6 11.Na4 Qa7 12.Be3 Nd4 13.Nc2 b5 14.Bg2 Bb7 15.Nxd4 exd4 16.Bxd4 Qb8
17.e4 bxa4 18.Qxa4+ Kf8 19.O-O Qe8 20.Qc2 Qc6 21.Rfe1 Rc8 22.b3 Bd8 23.Rad1 h5 24.f4
Bb6 25.Qb2 Re8 26.Bxb6 Qxb6+ 27.Qd4 Qxd4+ 28.Rxd4 Rh6 29.Rxd6 Nxe4 30.Rd7 Ba8 31.Ra7
f5 32.Bf3 h4 33.g4 fxg4 34.Bxg4 Bc6 35.Rxa6 h3 36.f5 Rh4 37.Bf3 Nd2 38.Rxe8+ Bxe8
39.Be2 Rf4 40.Rd6 Ne4 41.Rd3 Ng5 42.Rg3 Rxf5 43.Bg4 Ra5 44.a4 Ne4 45.Rf3+ Ke7 46.Re3
Bc6 47.Bxh3 Rg5+ 48.Kf1 Kd6 49.Ke2 Kc5 50.Kd3 Nf2+ 51.Ke2 Nxh3 52.Rxh3 Kb4 53.Ke3
Rg4 54.Kf2 Rg2+ 55.Kf1 g6 56.Re3 Rg4 57.Kf2 Bd7 58.Rg3 Rf4+ 59.Ke3 Rf6 60.Kd4 Bf5
61.c5 Rf8 62.c6 Rd8+ 63.Ke5 Rd2 64.h4 Re2+ 65.Kd6 Re6+ 66.Kd5 Re7 67.Kd6 Re6+ 68.Kd5
Re7 69.Kd6 Re6+ 1/2-1/2

[Event "1. Bundesliga 2016/2017"]
[Site "Mattersburg"]
[Date "2016.10.21"]
[Round "2"]
[Board "2"]
[White "Schwarhofer, Christopher"]
[Black "Buhmann, Rainer"]
[Result "1/2-1/2"]
[WhiteElo "2385"]
[BlackElo "2609"]
[PlyCount "81"]
[EventDate "2016.10.20"]
[EventType "team"]
[EventRounds "11"]
[EventCountry "AUT"]
[WhiteTeam "Blackburne Nickelsdorf"]
[BlackTeam "SC MPOE Maria Saal"]

1.e4 e5 2.Nf3 Nc6 3.Bb5 a6 4.Ba4 Nf6 5.d3 d6 6.c3 g6 7.O-O Bg7 8.Re1 O-O 9.Nbd2 Re8
10.d4 b5 11.d5 Ne7 12.Bb3 c6 13.dxc6 Nxc6 14.Nf1 Na5 15.Bg5 Nxb3 16.axb3 Be6 17.Ne3
Qd7 18.Bxf6 Bxf6 19.Qc2 a5 20.Red1 Rec8 21.Rd2 Ra6 22.Nd5 Bd8 23.Qd1 Qb7 24.b4 Rca8
25.h3 Kg7 26.Kh2 h6 27.Qe2 R6a7 28.bxa5 Rxa5 29.Rad1 Ra1 30.Rxa1 Rxa1 31.Rd1 Ra4 32.Nb4
Bc7 33.Ne1 Bb3 34.Nec2 Bc4 35.Qg4 h5 36.Qd7 Be6 37.Qe7 Ra7 38.Nd5 Bxd5 39.Rxd5 Qc6
40.Nb4 Qc4 41.Rd3 1/2-1/2

[Event "1. Bundesliga 2016/2017"]
[Site "Mattersburg"]
[Date "2016.10.21"]
[Round "2"]
[Board "3"]
[White "Predojevic, Borki"]
[Black "Pinter, Erik"]
[Result "1/2-1/2"]
[WhiteElo "2616"]
[BlackElo "2382"]
[PlyCount "60"]
[EventDate "2016.10.20"]
[EventType "team"]
[EventRounds "11"]
[EventCountry "AUT"]
[WhiteTeam "SC MPOE Maria Saal"]
[BlackTeam "Blackburne Nickelsdorf"]

1.d4 Nf6 2.c4 g6 3.g3 c6 4.Bg2 d5 5.Nf3 Bg7 6.O-O O-O 7.Qb3 a5 8.cxd5 a4 9.Qd1 cxd5
10.Nc3 Qa5 11.Bd2 Qa6 12.Ne5 e6 13.f4 Bd7 14.e3 Bb5 15.Nxb5 Qxb5 16.Qc2 Nc6 17.Rfc1
Rfc8 18.Qd3 Qb6 19.Rc2 Rc7 20.Rac1 Ne8 21.b3 Bf8 22.Bf1 Nd6 23.bxa4 Rxa4 24.Qb3 Qa7
25.Nxc6 bxc6 26.Rxc6 Rxc6 27.Rxc6 Rxa2 28.Bb4 Qb7 29.Qxa2 Qxc6 30.Bxd6 Qxd6 1/2-1/2

[Event "1. Bundesliga 2016/2017"]
[Site "Mattersburg"]
[Date "2016.10.21"]
[Round "2"]
[Board "4"]
[White "Vlcek, Stanislav"]
[Black "Kreisl, Robert"]
[Result "0-1"]
[WhiteElo "2255"]
[BlackElo "2435"]
[PlyCount "64"]
[EventDate "2016.10.20"]
[EventType "team"]
[EventRounds "11"]
[EventCountry "AUT"]
[WhiteTeam "Blackburne Nickelsdorf"]
[BlackTeam "SC MPOE Maria Saal"]

1.e4 c5 2.Nf3 e6 3.d4 cxd4 4.Nxd4 Nc6 5.Nb5 d6 6.c4 a6 7.N5c3 Nf6 8.Be2 Be7 9.O-O
O-O 10.Be3 b6 11.Nd2 Bb7 12.Qb3 Nd7 13.Rfc1 Nc5 14.Qd1 Ne5 15.b4 Ncd7 16.Nb3 Rc8 17.Qf1
Nf6 18.f3 d5 19.exd5 exd5 20.c5 Nc6 21.a3 d4 22.Rd1 bxc5 23.bxc5 Qc7 24.Nxd4 Bxc5
25.Na4 Nd5 26.Bf2 Bxd4 27.Bxd4 Nxd4 28.Rxd4 Ne3 29.Qb1 Nc2 30.Rh4 Qe5 31.Bd3 Qe3+
32.Kh1 Qxd3 0-1

[Event "1. Bundesliga 2016/2017"]
[Site "Mattersburg"]
[Date "2016.10.21"]
[Round "2"]
[Board "5"]
[White "Schachinger, Mario"]
[Black "Bachofner, Andreas"]
[Result "1-0"]
[WhiteElo "2420"]
[BlackElo "2136"]
[PlyCount "153"]
[EventDate "2016.10.20"]
[EventType "team"]
[EventRounds "11"]
[EventCountry "AUT"]
[WhiteTeam "SC MPOE Maria Saal"]
[BlackTeam "Blackburne Nickelsdorf"]

1.Nf3 e6 2.c4 f5 3.g3 Nf6 4.Bg2 Be7 5.O-O O-O 6.b3 d6 7.d4 Qe8 8.Nc3 Ne4 9.Bb2 Nxc3
10.Bxc3 Bf6 11.Qd3 Nc6 12.e4 fxe4 13.Qxe4 Qh5 14.Rfe1 Bd7 15.g4 Qf7 16.g5 Bd8 17.d5
exd5 18.Qxd5 Qxd5 19.cxd5 Ne7 20.Nd4 Ng6 21.Bd2 Nf4 22.Bxf4 Rxf4 23.Ne6 Bxe6 24.dxe6
Bxg5 25.Bxb7 Raf8 26.Re2 Be7 27.Rc1 c5 28.Rc4 g6 29.Be4 Rc8 30.Ra4 Rc7 31.Ra5 Kg7
32.Rb5 c4 33.bxc4 Rxc4 34.f3 Rc5 35.Rb7 Kf6 36.Rxa7 Rg5+ 37.Rg2 Rxg2+ 38.Kxg2 Kxe6
39.a4 d5 40.Bxd5+ Kxd5 41.Rxe7 Rxa4 42.Rxh7 Ke5 43.Kg3 g5 44.Re7+ Kf6 45.Re4 Ra5 46.Kg4
Ra2 47.Rb4 Rxh2 48.Rb6+ Ke5 49.Rb5+ Kf6 50.Rf5+ Ke6 51.Rxg5 Kf6 52.Rf5+ Ke6 53.Ra5
Kf6 54.Ra6+ Kf7 55.f4 Rb2 56.Kg5 Rb7 57.Rf6+ Kg7 58.Rg6+ Kf7 59.Rh6 Kg7 60.Rc6 Kf7
61.f5 Kg7 62.Rg6+ Kf7 63.Rh6 Rb1 64.Rh7+ Kg8 65.Re7 Kf8 66.Kf6 Ra1 67.Rf7+ Kg8 68.Rg7+
Kf8 69.Re7 Ra2 70.Re6 Ra1 71.Rb6 Ra8 72.Kg6 Rc8 73.f6 Kg8 74.Rb7 Ra8 75.Rg7+ Kh8 76.Rh7+
Kg8 77.f7+ 1-0

[Event "1. Bundesliga 2016/2017"]
[Site "Mattersburg"]
[Date "2016.10.21"]
[Round "2"]
[Board "6"]
[White "Kuntner, Reinhard"]
[Black "Halvax, Georg"]
[Result "0-1"]
[WhiteElo "2023"]
[BlackElo "2425"]
[PlyCount "96"]
[EventDate "2016.10.20"]
[EventType "team"]
[EventRounds "11"]
[EventCountry "AUT"]
[WhiteTeam "Blackburne Nickelsdorf"]
[BlackTeam "SC MPOE Maria Saal"]

1.d4 d5 2.Bf4 Nf6 3.Nf3 c5 4.e3 Bf5 5.Be2 e6 6.O-O Nc6 7.c3 Qb6 8.Qc1 Rc8 9.Nbd2 h6
10.h3 Be7 11.dxc5 Bxc5 12.Nb3 Be7 13.Nbd4 Bh7 14.Nxc6 bxc6 15.a4 O-O 16.a5 Qb7 17.a6
Qb6 18.b4 c5 19.bxc5 Qxc5 20.Be5 Ne4 21.Bd4 Qc7 22.Bd3 Bd6 23.Rb1 Rb8 24.c4 e5 25.Ba1
Rxb1 26.Qxb1 Rb8 27.Qc2 Rc8 28.c5 Qd8 29.c6 Qe8 30.Rc1 Kh8 31.Bb2 f5 32.Bb5 Qe7 33.Qb3
Bg8 34.Qd3 Rb8 35.Rc2 Qc7 36.Qe2 Nf6 37.Nh4 Bh7 38.f4 exf4 39.Bxf6 gxf6 40.Bd3 Rb1+
41.Kf2 Rb8 42.exf4 Bxf4 43.Qf3 Qb6+ 44.Kf1 Bh2 45.Qh5 Qe3 46.Qd1 Qg1+ 47.Ke2 Re8+
48.Kd2 Bf4+ 0-1

[Event "1. Bundesliga 2016/2017"]
[Site "Mattersburg"]
[Date "2016.10.21"]
[Round "2"]
[Board "1"]
[White "Bindrich, Falko"]
[Black "Melkumyan, Hrant"]
[Result "1/2-1/2"]
[WhiteElo "2582"]
[BlackElo "2619"]
[PlyCount "167"]
[EventDate "2016.10.20"]
[EventType "team"]
[EventRounds "11"]
[EventCountry "AUT"]
[WhiteTeam "SK Hohenems"]
[BlackTeam "ASVOE Wulkaprodersdorf"]

1.d4 d5 2.c4 c6 3.Nc3 Nf6 4.e3 Bf5 5.cxd5 cxd5 6.Qb3 Nc6 7.Qxb7 Bd7 8.Qb3 Rb8 9.Qd1
e5 10.dxe5 Nxe5 11.Be2 Bd6 12.Nf3 O-O 13.O-O Qe7 14.Nd4 Rfc8 15.a4 Bc5 16.Ra2 Bb4
17.Bd2 Nc4 18.Be1 Rb6 19.a5 Rbb8 20.Bf3 Qe5 21.Qe2 Bc5 22.b3 Nd6 23.Qd1 Nde4 24.Nce2
Ng5 25.Rc2 Bd6 26.Ng3 Rxc2 27.Qxc2 Rc8 28.Qd1 g6 29.Be2 h5 30.Bd2 Nge4 31.f4 Qe7 32.Nxe4
Nxe4 33.Bf3 Bc5 34.Bc1 Nc3 35.Qd3 Ne4 36.Bb2 Bb4 37.a6 Kh7 38.f5 Bc3 39.fxg6+ fxg6
40.Bxe4 dxe4 41.Qe2 Bb4 42.Rc1 Rxc1+ 43.Bxc1 Bd6 44.Qc4 Kh6 45.Qd5 Qh4 46.g3 Bxg3
47.hxg3 Qxg3+ 48.Kf1 Bh3+ 49.Ke2 Qg2+ 50.Ke1 Qf1+ 51.Kd2 Qd3+ 52.Ke1 Qc3+ 53.Kf2 Qxc1
54.Qxe4 g5 55.Nf5+ Bxf5 56.Qxf5 Qd2+ 57.Kf1 Qd1+ 58.Kf2 Qd2+ 59.Kf1 Qd6 60.Qc8 g4
61.b4 Qd1+ 62.Kf2 Qf3+ 63.Ke1 Qxe3+ 64.Kf1 Qf4+ 65.Kg1 Qd4+ 66.Kf1 Kg5 67.b5 g3 68.Qf8
h4 69.Qe7+ Kg4 70.Qe6+ Kf3 71.Qb3+ Ke4 72.Qe6+ Kd3 73.Qb3+ Kd2 74.Qa2+ Kc1 75.Qa3+
Kb1 76.Qb3+ Kc1 77.Qa3+ Kc2 78.Qa2+ Kd3 79.Qb3+ Ke4 80.Qe6+ Kf4 81.Qf7+ Kg4 82.Qe6+
Kf3 83.Qb3+ Ke4 84.Qe6+ 1/2-1/2

[Event "1. Bundesliga 2016/2017"]
[Site "Mattersburg"]
[Date "2016.10.21"]
[Round "2"]
[Board "2"]
[White "Kraemer, Martin"]
[Black "Martinovic, Sasa"]
[Result "1-0"]
[WhiteElo "2574"]
[BlackElo "2551"]
[PlyCount "47"]
[EventDate "2016.10.20"]
[EventType "team"]
[EventRounds "11"]
[EventCountry "AUT"]
[WhiteTeam "ASVOE Wulkaprodersdorf"]
[BlackTeam "SK Hohenems"]

1.d4 d5 2.c4 c6 3.Nc3 Nf6 4.e3 e6 5.Nf3 Nbd7 6.Qc2 Bd6 7.Bd3 O-O 8.O-O e5 9.cxd5 cxd5
10.e4 exd4 11.Nxd5 Nxd5 12.exd5 h6 13.Nxd4 Qh4 14.f4 Nf6 15.Nb5 Rd8 16.Nxd6 Rxd6 17.b3
Rxd5 18.Bb2 Ng4 19.h3 Ne3 20.Bh7+ Kh8 21.Qc3 Qg3 22.Be4 Nxf1 23.Bxd5 Ne3 24.Re1 1-0

[Event "1. Bundesliga 2016/2017"]
[Site "Mattersburg"]
[Date "2016.10.21"]
[Round "2"]
[Board "3"]
[White "Rozentalis, Eduardas"]
[Black "Schneider, Ilja"]
[Result "1/2-1/2"]
[WhiteElo "2540"]
[BlackElo "2516"]
[PlyCount "45"]
[EventDate "2016.10.20"]
[EventType "team"]
[EventRounds "11"]
[EventCountry "AUT"]
[WhiteTeam "SK Hohenems"]
[BlackTeam "ASVOE Wulkaprodersdorf"]

1.e4 d6 2.d4 Nf6 3.Nc3 e5 4.Nf3 exd4 5.Nxd4 Be7 6.g3 O-O 7.Bg2 Nc6 8.Nde2 a5 9.O-O
a4 10.h3 a3 11.b3 Re8 12.g4 h6 13.Ng3 Nh7 14.Nd5 Bg5 15.f4 Bh4 16.Nf5 Bxf5 17.exf5
Nf6 18.g5 Nxd5 19.Bxd5 Ne7 20.Be4 Nc6 21.Bd5 Ne7 22.Be4 Nc6 23.Bd5 1/2-1/2

[Event "1. Bundesliga 2016/2017"]
[Site "Mattersburg"]
[Date "2016.10.21"]
[Round "2"]
[Board "4"]
[White "Volkmann, Friedrich Karl"]
[Black "Atlas, Valery"]
[Result "0-1"]
[WhiteElo "2403"]
[BlackElo "2437"]
[PlyCount "134"]
[EventDate "2016.10.20"]
[EventType "team"]
[EventRounds "11"]
[EventCountry "AUT"]
[WhiteTeam "ASVOE Wulkaprodersdorf"]
[BlackTeam "SK Hohenems"]

1.d4 Nf6 2.Bg5 e6 3.e4 h6 4.Bxf6 Qxf6 5.Nc3 Bb4 6.Qd3 c5 7.e5 Qe7 8.O-O-O O-O 9.a3
Bxc3 10.Qxc3 b6 11.dxc5 Qxc5 12.Qxc5 bxc5 13.Be2 Bb7 14.Bf3 Bc6 15.Rd6 Rc8 16.h4 f6
17.exf6 gxf6 18.h5 Kf7 19.Rh4 Ke7 20.Rd3 Rg8 21.g3 d5 22.Ne2 Nd7 23.Nf4 Ne5 24.Re3
Nxf3 25.Rxf3 d4 26.Rd3 e5 27.Ng6+ Kd6 28.c3 Bb5 29.Rd2 Rac8 30.Kb1 Bd7 31.Ka1 Bf5
32.b4 d3 33.c4 e4 34.g4 Bxg6 35.hxg6 Rxg6 36.f3 Ke5 37.fxe4 Kxe4 38.Rd1 Kd4 39.g5+
Kc3 40.gxh6 Kc2 41.Rb1 Rh8 42.Rh2+ Kc3 43.Rc1+ Kd4 44.Rh4+ Ke3 45.Rch1 d2 46.h7 Rg7
47.R4h3+ Ke4 48.Rd1 Rgxh7 49.Rxh7 Rxh7 50.Rxd2 f5 51.Kb2 f4 52.bxc5 f3 53.c6 Ke3 54.Rd7
f2 55.c7 Rxd7 56.c8=Q Rd2+ 57.Kc3 Rd3+ 58.Kc2 Rd2+ 59.Kc3 Rd3+ 60.Kc2 f1=Q 61.Qc5+
Ke2 62.Qh5+ Rf3 63.Qe5+ Kf2 64.Qd4+ Kg2 65.Qg7+ Kh1 66.Qh7+ Rh3 67.Qxa7 Qxc4+ 0-1

[Event "1. Bundesliga 2016/2017"]
[Site "Mattersburg"]
[Date "2016.10.21"]
[Round "2"]
[Board "5"]
[White "Breder, Dennis"]
[Black "Wallner, Joachim"]
[Result "0-1"]
[WhiteElo "2470"]
[BlackElo "2313"]
[PlyCount "144"]
[EventDate "2016.10.20"]
[EventType "team"]
[EventRounds "11"]
[EventCountry "AUT"]
[WhiteTeam "SK Hohenems"]
[BlackTeam "ASVOE Wulkaprodersdorf"]

1.e4 c5 2.Nf3 e6 3.g3 Nc6 4.Bg2 Nf6 5.Qe2 d5 6.exd5 Nxd5 7.O-O Be7 8.Rd1 Bf6 9.Nc3
O-O 10.Ne4 b6 11.Nxf6+ Qxf6 12.c4 Ba6 13.d3 Nc7 14.Ng5 Bb7 15.Qe4 Qg6 16.Qxg6 hxg6
17.Bf4 Rac8 18.a3 Ba8 19.b4 Nd4 20.Be3 Rfd8 21.bxc5 bxc5 22.Rab1 Ne2+ 23.Kf1 Nc3 24.Bxc5
Bxg2+ 25.Kxg2 Nxd1 26.Rxd1 Na6 27.Bxa7 Rxc4 28.d4 Rd7 29.Bb6 Rc6 30.Ba5 Rd5 31.Bd2
Rxd4 32.Nf3 Rd5 33.Rb1 f6 34.Rb7 e5 35.Be3 Rc3 36.a4 Ra3 37.h4 Rxa4 38.Ra7 Ra2 39.Rb7
Rd3 40.Kh3 Raa3 41.Nd2 Rac3 42.Ne4 Rc4 43.Nd2 Rb4 44.Re7 Rd5 45.Re8+ Kf7 46.Rc8 Rb8
47.Rc6 Nb4 48.Rc7+ Kg8 49.Ne4 Nd3 50.Kg2 Rbd8 51.Bb6 R8d7 52.Rc8+ Kh7 53.Be3 Ne1+
54.Kf1 Nf3 55.Kg2 Nd4 56.Rb8 Nc2 57.Bc5 Ne1+ 58.Kf1 Nf3 59.Be3 Rd1+ 60.Kg2 Ne1+ 61.Kh2
Nc2 62.Bc5 Re1 63.Nd6 Nd4 64.Rb6 f5 65.Kg2 Rc1 66.Ba3 Rd1 67.Nc4 e4 68.Ne5 Rd5 69.Nxg6
Nf3 70.Bb4 Rg1+ 71.Kh3 Rh1+ 72.Kg2 Rdd1 0-1

[Event "1. Bundesliga 2016/2017"]
[Site "Mattersburg"]
[Date "2016.10.21"]
[Round "2"]
[Board "6"]
[White "Mesaros, Florian"]
[Black "Froewis, Georg"]
[Result "1/2-1/2"]
[WhiteElo "2335"]
[BlackElo "2435"]
[PlyCount "188"]
[EventDate "2016.10.20"]
[EventType "team"]
[EventRounds "11"]
[EventCountry "AUT"]
[WhiteTeam "ASVOE Wulkaprodersdorf"]
[BlackTeam "SK Hohenems"]

1.Nf3 d5 2.d4 Nf6 3.c4 e6 4.Nc3 c6 5.e3 Nbd7 6.Qc2 Bd6 7.Bd3 O-O 8.O-O e5 9.cxd5 cxd5
10.e4 exd4 11.Nxd5 Nxd5 12.exd5 h6 13.Rd1 Ne5 14.Nxe5 Bxe5 15.Be4 Bg4 16.Re1 Rc8 17.Qb3
Qa5 18.Bh7+ Kxh7 19.Rxe5 f6 20.Re7 Rfe8 21.Rxe8 Rxe8 22.Qd3+ Kh8 23.h3 Re1+ 24.Kh2
Qc7+ 25.g3 Qc5 26.hxg4 Qxd5 27.f3 Qc6 28.Kg2 Rxc1 29.Rxc1 Qxc1 30.Qxd4 Qc2+ 31.Qf2
Qa4 32.b3 Qa6 33.Qc2 Qe6 34.Kf2 a6 35.Qf5 Qc6 36.Ke3 Qc1+ 37.Kd4 Qg1+ 38.Kd5 Qxg3
39.Qc8+ Kh7 40.Qc2+ g6 41.Qc3 Kg7 42.Ke6 Qf4 43.Qc5 h5 44.gxh5 Qxf3 45.Qe7+ Kh6 46.hxg6
Qe4+ 47.Kxf6 Qxg6+ 48.Ke5 Qg3+ 49.Ke6 Qh3+ 50.Kf7 Qh5+ 51.Kf8 Qf5+ 52.Qf7 Qc5+ 53.Ke8
Qc8+ 54.Ke7 Qc7+ 55.Kf6 Qc3+ 56.Ke6 Qc6+ 57.Ke5 Qc3+ 58.Kd5 Qd3+ 59.Kc5 Qe3+ 60.Kd6
Qd2+ 61.Kc7 Qxa2 62.Qe6+ Kg5 63.Kxb7 a5 64.Qc4 Kf6 65.Kb6 Ke5 66.Kb5 Kd6 67.Qc6+ Ke7
68.Qd5 Ke8 69.Qe6+ Kd8 70.Kb6 Qa3 71.Qd5+ Ke7 72.Qe4+ Kd7 73.Qc6+ Ke7 74.Qe4+ Kd7
75.Qd5+ Ke7 76.Kc7 Qc1+ 77.Kb7 Qa3 78.Kb6 Qa2 79.Kc6 Qc2+ 80.Kb5 Qa2 81.Qe4+ Kd6 82.Qa4
Qc2 83.Qd4+ Kc7 84.Qe5+ Kb7 85.Qe7+ Kc8 86.Qe8+ Kc7 87.Qf7+ Kd6 88.Qf4+ Kd5 89.Qf3+
Kd4 90.Kxa5 Qc5+ 91.Ka6 Qd6+ 92.Kb7 Qd7+ 93.Kb6 Qd6+ 94.Qc6 Qxc6+ 1/2-1/2

[Event "1. Bundesliga 2016/2017"]
[Site "Mattersburg"]
[Date "2016.10.21"]
[Round "2"]
[Board "1"]
[White "Lenic, Luka"]
[Black "Sutovsky, Emil"]
[Result "1/2-1/2"]
[WhiteElo "2645"]
[BlackElo "2650"]
[PlyCount "77"]
[EventDate "2016.10.20"]
[EventType "team"]
[EventRounds "11"]
[EventCountry "AUT"]
[WhiteTeam "SV Raika Rapid Feffernitz"]
[BlackTeam "Schachklub Absam"]

1.d4 Nf6 2.c4 g6 3.Nc3 d5 4.cxd5 Nxd5 5.Bd2 Bg7 6.e4 Nxc3 7.Bxc3 O-O 8.Qd2 Nd7 9.Nf3
b6 10.Bd3 e6 11.O-O c5 12.Rfd1 Bb7 13.Qe3 Qe7 14.Rac1 Rac8 15.Bb5 Nf6 16.Bd3 Ng4 17.Qe1
Bxd4 18.Bxd4 cxd4 19.h3 Rxc1 20.Rxc1 Nf6 21.e5 Nh5 22.Be4 Nf4 23.Rd1 Rd8 24.Rxd4 Rxd4
25.Nxd4 Qd7 26.Nf3 Nd3 27.Bxd3 Qxd3 28.Qd2 Qf5 29.Nh2 h5 30.f4 Qb1+ 31.Nf1 Kg7 32.Qd8
Qxb2 33.Ne3 Qb1+ 34.Kh2 Qe4 35.Qf6+ Kg8 36.Qd8+ Kh7 37.Qf6 Kg8 38.Qd8+ Kh7 39.Qf6 1/2-1/2

[Event "1. Bundesliga 2016/2017"]
[Site "Mattersburg"]
[Date "2016.10.21"]
[Round "2"]
[Board "2"]
[White "Luther, Thomas"]
[Black "Danin, Alexandre"]
[Result "1/2-1/2"]
[WhiteElo "2524"]
[BlackElo "2564"]
[PlyCount "57"]
[EventDate "2016.10.20"]
[EventType "team"]
[EventRounds "11"]
[EventCountry "AUT"]
[WhiteTeam "Schachklub Absam"]
[BlackTeam "SV Raika Rapid Feffernitz"]

1.e4 e5 2.Nf3 Nc6 3.d4 exd4 4.Nxd4 Bb4+ 5.c3 Bc5 6.Be3 Bb6 7.Nf5 g6 8.Bxb6 axb6 9.Ne3
Nf6 10.f3 O-O 11.c4 d5 12.cxd5 Nxe4 13.dxc6 Qh4+ 14.g3 Nxg3 15.hxg3 Qxh1 16.Kf2 bxc6
17.Nc3 Be6 18.Qc2 Rfd8 19.Re1 Rd4 20.Bg2 Qh6 21.f4 Rad8 22.Re2 c5 23.Nb5 R4d7 24.Na7
Rd6 25.Nc6 R8d7 26.Ne5 Rd8 27.Nc6 R8d7 28.Ne5 Rd8 29.Nc6 1/2-1/2

[Event "1. Bundesliga 2016/2017"]
[Site "Mattersburg"]
[Date "2016.10.21"]
[Round "2"]
[Board "3"]
[White "Schreiner, Peter"]
[Black "Bayer, Bernhard"]
[Result "1-0"]
[WhiteElo "2482"]
[BlackElo "2431"]
[PlyCount "81"]
[EventDate "2016.10.20"]
[EventType "team"]
[EventRounds "11"]
[EventCountry "AUT"]
[WhiteTeam "SV Raika Rapid Feffernitz"]
[BlackTeam "Schachklub Absam"]

1.d4 Nf6 2.c4 e6 3.g3 Bb4+ 4.Bd2 c5 5.Bxb4 cxb4 6.Bg2 O-O 7.Nf3 d6 8.a3 Qb6 9.O-O
Nc6 10.axb4 Qxb4 11.b3 Bd7 12.Na3 Qb6 13.Nb5 d5 14.Nc3 Qb4 15.Na2 Qe7 16.e3 Rfd8 17.Qe2
e5 18.Qb2 exd4 19.exd4 Bf5 20.Rfe1 Qc7 21.c5 b6 22.b4 bxc5 23.dxc5 Rab8 24.Nd4 Be4
25.f3 Bd3 26.Nxc6 Qxc6 27.Qd4 Bc4 28.f4 Qc7 29.Bf1 Bxf1 30.Rxf1 a5 31.Rfc1 Re8 32.bxa5
Re4 33.Qd2 Rc4 34.Rxc4 dxc4 35.Qd6 Qa7 36.Nb4 Re8 37.a6 c3 38.Qd4 Nd7 39.Qxc3 Rc8
40.Qe3 Rxc5 41.Qf2 1-0

[Event "1. Bundesliga 2016/2017"]
[Site "Mattersburg"]
[Date "2016.10.21"]
[Round "2"]
[Board "4"]
[White "Dizdar, Goran"]
[Black "Diermair, Andreas"]
[Result "1/2-1/2"]
[WhiteElo "2504"]
[BlackElo "2473"]
[PlyCount "92"]
[EventDate "2016.10.20"]
[EventType "team"]
[EventRounds "11"]
[EventCountry "AUT"]
[WhiteTeam "Schachklub Absam"]
[BlackTeam "SV Raika Rapid Feffernitz"]

1.c4 e6 2.Nf3 d5 3.e3 Nf6 4.b3 c5 5.g3 Nc6 6.Bg2 d4 7.exd4 cxd4 8.O-O Bd6 9.d3 O-O
10.a3 a5 11.Bg5 h6 12.Bxf6 Qxf6 13.Ne1 e5 14.Nd2 Qe7 15.Nc2 f5 16.Re1 Qf6 17.Rb1 Kh8
18.b4 axb4 19.axb4 e4 20.dxe4 d3 21.Ne3 f4 22.Nd5 Qf7 23.e5 Bxe5 24.Ne4 Ra3 25.Kh1
Be6 26.Nc5 f3 27.Bf1 Bxd5 28.cxd5 Qxd5 29.Nxd3 Bb8 30.Nf4 Qf7 31.Qc1 Ra8 32.Ne6 Re8
33.Bh3 Ne5 34.Rb3 Bd6 35.Nd4 Qh5 36.Bf1 Ng4 37.Nxf3 Nxf2+ 38.Kg1 Ng4 39.Bg2 Rf8 40.h3
Nf6 41.g4 Qf7 42.Rb2 Rfe8 43.Qd1 Rxe1+ 44.Nxe1 Qe7 45.Re2 Qc7 46.Qd4 Rd8 1/2-1/2

[Event "1. Bundesliga 2016/2017"]
[Site "Mattersburg"]
[Date "2016.10.21"]
[Round "2"]
[Board "5"]
[White "Sebenik, Matej"]
[Black "Rotstein, Arkadij"]
[Result "1-0"]
[WhiteElo "2546"]
[BlackElo "2501"]
[PlyCount "93"]
[EventDate "2016.10.20"]
[EventType "team"]
[EventRounds "11"]
[EventCountry "AUT"]
[WhiteTeam "SV Raika Rapid Feffernitz"]
[BlackTeam "Schachklub Absam"]

1.d4 d5 2.c4 dxc4 3.e3 e5 4.Bxc4 exd4 5.exd4 Bd6 6.Nf3 Nf6 7.Qe2+ Qe7 8.Qxe7+ Bxe7
9.O-O Nbd7 10.Re1 Nb6 11.Bb3 Nfd5 12.Nc3 c6 13.a4 a5 14.Bxd5 Nxd5 15.Nxd5 cxd5 16.Ra3
Be6 17.Rb3 Bb4 18.Bd2 Bxd2 19.Nxd2 O-O 20.Rxb7 Rfb8 21.Rxb8+ Rxb8 22.b3 Rb4 23.Kf1
Rxd4 24.Ke2 Rh4 25.h3 Rh5 26.Nf3 g5 27.Nd4 g4 28.hxg4 Bxg4+ 29.Kd3 Rh2 30.f3 Bh5 31.g4
Bg6+ 32.Ke3 h5 33.gxh5 Rxh5 34.Rc1 Re5+ 35.Kf4 Re8 36.Rc5 Ra8 37.Rxd5 Kg7 38.Rc5 Rd8
39.Ke3 Ra8 40.Kd2 Kf6 41.Kc3 Ra7 42.Kc4 Ra8 43.Nc6 Bf5 44.Rxa5 Be6+ 45.Kd3 Rxa5 46.Nxa5
Bd5 47.f4 1-0

[Event "1. Bundesliga 2016/2017"]
[Site "Mattersburg"]
[Date "2016.10.21"]
[Round "2"]
[Board "6"]
[White "Deglmann, Ludwig"]
[Black "Zorko, Jure"]
[Result "1/2-1/2"]
[WhiteElo "2296"]
[BlackElo "2465"]
[PlyCount "95"]
[EventDate "2016.10.20"]
[EventType "team"]
[EventRounds "11"]
[EventCountry "AUT"]
[WhiteTeam "Schachklub Absam"]
[BlackTeam "SV Raika Rapid Feffernitz"]

1.d4 Nf6 2.c4 e6 3.Nc3 Bb4 4.e3 O-O 5.Nge2 c6 6.a3 Ba5 7.Bd2 d5 8.Ng3 Nbd7 9.Be2 dxc4
10.Bxc4 e5 11.Nce2 exd4 12.Bxa5 Qxa5+ 13.b4 Qc7 14.Nxd4 c5 15.Rc1 a6 16.bxc5 Nxc5
17.O-O Qe5 18.Qc2 b6 19.Rfe1 Bd7 20.Nf3 Qe7 21.e4 Be6 22.e5 Nfd7 23.Nd4 g6 24.f4 Qh4
25.Qd2 Bxc4 26.Rxc4 Rfe8 27.Nf3 Qh6 28.Qe2 f6 29.Rd4 Qg7 30.Qa2+ Qf7 31.Qxf7+ Kxf7
32.Ne4 fxe5 33.fxe5 Kg7 34.Nxc5 Nxc5 35.Rd6 Rab8 36.e6 Re7 37.Nd4 Ree8 38.Nc6 Rb7
39.e7 Rd7 40.Rxd7 Nxd7 41.g4 Nf6 42.g5 Ng8 43.Re6 b5 44.Kf2 Kf7 45.Nd8+ Kg7 46.Nc6
Kf7 47.Nd8+ Kg7 48.Nc6 1/2-1/2